[Event "Montesilvano Adriatico op 7th"]
[Site "Montesilvano"]
[Date "2015.03.07"]
[Round "1"]
[White "Carnicelli, Flavio"]
[Black "Marsili, Riccardo"]
[Result "1/2-1/2"]
[WhiteElo "1985"]
[BlackElo "2210"]
[PlyCount "62"]
[EventDate "2015.03.07"]
[EventType "swiss"]
[EventRounds "5"]
[EventCountry "ITA"]
[SourceTitle "EXT 2017"]
[Source "ChessBase"]
[SourceDate "2016.10.25"]
[SourceVersion "1"]
[SourceVersionDate "2016.10.25"]
[SourceQuality "1"]

1. e4 c5 2. d4 cxd4 3. c3 dxc3 4. Nxc3 Nc6 5. Nf3 d6 6. Bc4 Nf6 7. e5 dxe5 8. Qxd8+ Kxd8 9. Ng5 Na5 10. Bb5 Be6 11. Nxe6+ fxe6 12. Be3 Kc7 13. Rc1 Nc6 14. Bc4 Nd5 15. Nxd5+ exd5 16. Bxd5 Rd8 17. Be4 e6 18. a3 a6 19. 0-0 Bd6 20. Rc3 Kd7 21. Rd1 h6 22. Bb6 Nd4 23. Rcd3 Ke7 24. Bxd4 exd4 25. Rxd4 b6 26. g3 Bc5 27. Rxd8 Rxd8 28. Rxd8 Kxd8 29. Kg2 Kd7 30. f4 Kd6 31. Bb7 a5 1/2-1/2

[Event "Montesilvano Promenade op 1st"]
[Site "Montesilvano"]
[Date "2015.01.03"]
[Round "1"]
[White "Carnicelli, Flavio"]
[Black "Martorelli, Antonio"]
[Result "1-0"]
[WhiteElo "1980"]
[BlackElo "2281"]
[PlyCount "67"]
[EventDate "2015.01.03"]
[EventType "swiss"]
[EventRounds "6"]
[EventCountry "ITA"]
[SourceTitle "CBM 164 Extra"]
[Source "ChessBase"]
[SourceDate "2015.03.02"]
[SourceVersion "1"]
[SourceVersionDate "2015.03.02"]
[SourceQuality "1"]

1. e4 c5 2. d4 cxd4 3. c3 Nf6 4. e5 Nd5 5. cxd4 d6 6. Nf3 e6 7. Bc4 Bd7 8. 0-0 Bc6 9. Nc3 Nxc3 10. bxc3 Nd7 11. d5 exd5 12. exd6 Bxd6 13. Re1+ Kf8 14. Bxd5 Nb6 15. Bxc6 bxc6 16. a4 h6 17. a5 Nd5 18. c4 Ne7 19. Qc2 Ng6 20. Bb2 Kg8 21. Qc3 Qf8 22. Qd4 Bb4 23. Re4 Kh7 24. h4 Bc5 25. Qd7 Rb8 26. Bc3 Rb3 27. Bd4 f5 28. Re8 Bxd4 29. Rxf8 Rxf8 30. Qxd4 Rf7 31. Ne5 Nxe5 32. Qxe5 a6 33. h5 Rf6 34. Rd1 1-0

[Event "Porto San Giorgio op 23rd"]
[Site "Porto San Giorgio"]
[Date "2011.08.27"]
[Round "8"]
[White "Mastroddi, Emiliano"]
[Black "Carnicelli, Flavio"]
[Result "1-0"]
[WhiteElo "2083"]
[BlackElo "1904"]
[PlyCount "99"]
[EventDate "2011.08.21"]
[EventType "swiss"]
[EventRounds "9"]
[EventCountry "ITA"]
[SourceTitle "CBM 144 Extra"]
[Source "ChessBase"]
[SourceDate "2011.10.28"]
[SourceVersion "1"]
[SourceVersionDate "2011.10.28"]
[SourceQuality "1"]

1. c4 e6 2. Nf3 d5 3. g3 c6 4. b3 Nf6 5. Bb2 Be7 6. Bg2 0-0 7. 0-0 b6 8. d3 Bb7 9. Nbd2 c5 10. e3 Nc6 11. a3 Qd7 12. Qc2 d4 13. exd4 Nxd4 14. Nxd4 Bxg2 15. Kxg2 cxd4 16. Nf3 Rfd8 17. Qe2 Qb7 18. Kg1 Rd7 19. Bxd4 Rad8 20. Bxf6 Bxf6 21. Rad1 Qa6 22. a4 Qa5 23. d4 Bxd4 24. Nxd4 Rxd4 25. Rxd4 Rxd4 26. Rd1 Rxd1+ 27. Qxd1 g6 28. Qf3 Kg7 29. h4 Qc5 30. Qc3+ e5 31. b4 Qd6 32. c5 bxc5 33. bxc5 Qd1+ 34. Kg2 Qd5+ 35. f3 Qa2+ 36. Kf1 Qb1+ 37. Ke2 Qa2+ 38. Ke3 Qxa4 39. c6 Qd1 40. c7 Qg1+ 41. Ke4 Qb1+ 42. Kxe5 f6+ 43. Kd6 Qd1+ 44. Ke7 Qe2+ 45. Kd8 Qd1+ 46. Kc8 Qd6 47. Kb8 a6 48. Kb7 Qd5+ 49. Qc6 Qb3+ 50. Ka8 1-0

[Event "Porto San Giorgio op 23rd"]
[Site "Porto San Giorgio"]
[Date "2011.08.25"]
[Round "6"]
[White "Barberi, Alessandro"]
[Black "Carnicelli, Flavio"]
[Result "1-0"]
[WhiteElo "2062"]
[BlackElo "1904"]
[PlyCount "87"]
[EventDate "2011.08.21"]
[EventType "swiss"]
[EventRounds "9"]
[EventCountry "ITA"]
[SourceTitle "CBM 144 Extra"]
[Source "ChessBase"]
[SourceDate "2011.10.28"]
[SourceVersion "1"]
[SourceVersionDate "2011.10.28"]
[SourceQuality "1"]

1. d4 d5 2. Nf3 e6 3. e3 Nf6 4. Bd3 c5 5. b3 Bd6 6. Bb2 Nc6 7. a3 0-0 8. Nbd2 b6 9. 0-0 Bb7 10. Qe2 Ne7 11. Ne5 Rc8 12. f3 Ng6 13. g3 Qc7 14. f4 Nd7 15. Rf2 f5 16. h3 Nf6 17. Kh2 Bxe5 18. dxe5 Ne4 19. Bxe4 fxe4 20. Raf1 Rf7 21. c4 Rcf8 22. cxd5 Bxd5 23. Nc4 Bxc4 24. Qxc4 Qc6 25. Rd1 b5 26. Qc2 c4 27. Rd6 Qc5 28. Bd4 Qxa3 29. bxc4 b4 30. Qa2 Qc1 31. Rxe6 Ne7 32. g4 Rc8 33. Rc2 Qf1 34. Bxa7 Nc6 35. Bb6 Qd3 36. Rd6 b3 37. Rxd3 bxa2 38. Ra3 Nb4 39. Rc1 Rd7 40. Bd4 Rxd4 41. exd4 e3 42. Kg2 e2 43. Kf2 a1Q 44. Rcxa1 1-0

[Event "Porto San Giorgio op 23rd"]
[Site "Porto San Giorgio"]
[Date "2011.08.23"]
[Round "3"]
[White "Carnicelli, Flavio"]
[Black "Maksimovic, Miodrag"]
[Result "1-0"]
[WhiteElo "1904"]
[BlackElo "2068"]
[PlyCount "71"]
[EventDate "2011.08.21"]
[EventType "swiss"]
[EventRounds "9"]
[EventCountry "ITA"]
[SourceTitle "CBM 144 Extra"]
[Source "ChessBase"]
[SourceDate "2011.10.28"]
[SourceVersion "1"]
[SourceVersionDate "2011.10.28"]
[SourceQuality "1"]

1. e4 Nf6 2. e5 Nd5 3. d4 d6 4. c4 Nb6 5. exd6 cxd6 6. Nc3 Bf5 7. Nf3 e6 8. Be3 Be7 9. Be2 0-0 10. Rc1 Bf6 11. 0-0 Nc6 12. Qd2 d5 13. c5 Nc4 14. Bxc4 dxc4 15. Nb5 Bd3 16. Rfd1 a6 17. Nd6 b5 18. b3 e5 19. bxc4 e4 20. Ne1 bxc4 21. Nxc4 Bxc4 22. Rxc4 Qd5 23. Rcc1 Rfd8 24. Nc2 Qxa2 25. d5 Rab8 26. Bg5 e3 27. Bxe3 Rb2 28. Qd3 Qa4 29. Qa3 Qg4 30. f3 Qf5 31. Qd3 Qc8 32. Bf4 Na5 33. Be3 Nb3 34. c6 Nxc1 35. Rxc1 Be5 36. Na3 1-0

[Event "Positano op 6th"]
[Site "Positano"]
[Date "2009.12.05"]
[Round "1"]
[White "Carnicelli, Flavio"]
[Black "Collutiis, Duilio"]
[Result "0-1"]
[WhiteElo "1811"]
[BlackElo "2426"]
[PlyCount "58"]
[EventDate "2009.12.05"]
[EventType "swiss"]
[EventRounds "7"]
[EventCountry "ITA"]
[SourceTitle "EXT 2012"]
[Source "ChessBase"]
[SourceDate "2011.11.24"]
[SourceVersion "1"]
[SourceVersionDate "2011.11.24"]
[SourceQuality "1"]

1. e4 c5 2. d4 cxd4 3. c3 dxc3 4. Nxc3 e6 5. Nf3 a6 6. Bc4 b5 7. Bb3 Bb7 8. 0-0 b4 9. Nd5 exd5 10. exd5 Bd6 11. Re1+ Ne7 12. Ng5 0-0 13. Qh5 h6 14. Ne4 Bxh2+ 15. Kxh2 Ng6 16. g3 d6 17. Bd2 a5 18. Kg2 Nd7 19. Nxd6 Nf6 20. Nxb7 Qb6 21. Qf5 Qxb7 22. Bxh6 a4 23. Bc4 Qc8 24. Qd3 gxh6 25. Qd4 Kg7 26. Rh1 Qg4 27. f4 Rfe8 28. Bd3 Ra5 29. Qxb4 Rxd5 0-1

[Event "Positano op 6th"]
[Site "Positano"]
[Date "2009.12.05"]
[Round "2"]
[White "Carnicelli, Flavio"]
[Black "Ercolano, Giuseppe"]
[Result "1-0"]
[WhiteElo "1811"]
[BlackElo "1604"]
[PlyCount "48"]
[EventDate "2009.12.05"]
[EventType "swiss"]
[EventRounds "7"]
[EventCountry "ITA"]
[SourceTitle "EXT 2012"]
[Source "ChessBase"]
[SourceDate "2011.11.24"]
[SourceVersion "1"]
[SourceVersionDate "2011.11.24"]
[SourceQuality "1"]

1. e4 c5 2. d4 cxd4 3. c3 dxc3 4. Nxc3 e6 5. Nf3 Be7 6. Bc4 Qc7 7. Qe2 a6 8. 0-0 b5 9. Bb3 Bb7 10. e5 Bxf3 11. Qxf3 Nc6 12. Bf4 g5 13. Bg3 h5 14. h3 h4 15. Bh2 Nh6 16. Ne4 Nf5 17. Rac1 Rc8 18. Rfd1 0-0 19. Qh5 Ng7 20. Qh6 Qd8 21. Nf6+ Bxf6 22. exf6 Nf5 23. Qxg5+ Kh7 24. Bc2 Ncd4 1-0